UEFA Champions League Group Stage 2018-19 - Statistics

General Stats
  • This quiz has been taken 149 times
  • The average score is 24 of 32
Answer Stats
Group Answer % Correct
F Manchester City
98%
B FC Barcelona
97%
H Manchester United
97%
C Liverpool
96%
C PSG
96%
E Bayern Munich
95%
G Real Madrid
95%
A Borussia Dortmund
92%
H Juventus
92%
B Tottenham Hotspur
91%
C Napoli
89%
E Ajax
88%
G AS Roma
86%
B Internazionale
86%
A Atletico Madrid
85%
D Porto
85%
F Olympique de Lyon
81%
H Valencia
79%
A Monaco
78%
E Benfica
77%
B PSV
76%
A Club Brugge
59%
C Red Star Belgrade
59%
G CSKA Moscow
56%
H Young Boys
56%
D Galatasaray
55%
F TSG 1899 Hoffenheim
48%
E AEK Athens
47%
D Lokomotiv
45%
F Shakhtar Donetsk
45%
D Schalke 04
41%
G Viktoria Plzen
27%
No matching quizzes found
Score Distribution
Percent of People with Each Score
Percentile by Number Answered
Your Score History
You have not taken this quiz